| 000 | 003890000a22001450004500 | ||
|---|---|---|---|
| 003 | LK-CoMWRAF | ||
| 008 | 230817t ||||| |||| 00| 0 eng d | ||
| 040 |
_aLK-CoMWRAF _dLK-CoMWRAF _eLK-CoMWRAF |
||
| 041 | _aeng | ||
| 082 | _a760Hum | ||
| 245 |
_aPictorial Presentation on Socio-Economic Aspects of Disappearances in the Jaffna region _b |
||
| 260 |
_b _a _c |
||
| 300 | _ap.23 | ||
| 942 | _cBK | ||
| 999 |
_c659 _d659 |
||